| 000 | 00703nam a2200217 i 4500 | ||
|---|---|---|---|
| 001 | 107953 | ||
| 003 | ES-MaACL | ||
| 005 | 20250829080503.0 | ||
| 007 | t| | ||
| 008 | 070103s1970 sp ||||1| spa d | ||
| 080 | _a86-821"18" | ||
| 100 | 1 |
_aBécquer, Gustavo Adolfo, _d1836-1870 _926974 |
|
| 245 | 1 | 0 |
_aAntología / _cselección y prólogo de Heliodoro Carpintero. |
| 260 |
_aMadrid : _bSalvat, _c1970. |
||
| 300 |
_a172 p. ; _c18 cm. |
||
| 490 | 1 |
_aBiblioteca básica Salvat de Libros RTV ; _v53 |
|
| 700 | 1 |
_aCarpintero, Helio ( _d1939-) _9172420 |
|
| 830 | 0 | 0 |
_aBiblioteca básica Salvat de libros RTV _v53 _9185398 |
| 852 |
_aES-MaACL _jE-2974 _bR.69765 |
||
| 999 |
_c107953 _d107953 |
||